LGBTQI parented families and schools : visibillity, representation, and pride /

Bibliographic Details
Main Authors: Carlile, Anna (Author), Paechter, Carrie F. (Author)
Format: Book
Language:English
Published: New York : Routledge, [2018]
Series:Routledge critical studies in gender and sexuality in education.
Subjects:

MARC

Tag First Indicator Second Indicator Subfields
LEADER 00000cam a2200000Ii 4500
001 in00004040413
005 20181023092112.0
008 170312t20182018nyu b 001 0 eng d
020 |a 9781138940727 
020 |a 1138940720 
035 |a (OCoLC)ocn975371131 
040 |a BTCTA  |e rda  |c BTCTA  |d YDX  |d BDX  |d CDX  |d UtOrBLW 
049 |a TXAM 
050 4 |a LC5159.5  |b .C37 2018 
082 0 |a 371.826/6  |2 23 
100 1 |a Carlile, Anna,  |e author.  |0 http://id.loc.gov/authorities/names/no2013048859 
245 1 0 |a LGBTQI parented families and schools :  |b visibillity, representation, and pride /  |c Anna Carlile and Carrie Paechter. 
246 3 |a Lesbian, gay, bisexual, transgender, queer, or intersex parented families and schools 
264 1 |a New York :  |b Routledge,  |c [2018] 
264 4 |c ©2018 
300 |a 173 pages ;  |c 25 cm. 
336 |a text  |b txt  |2 rdacontent 
337 |a unmediated  |b n  |2 rdamedia 
338 |a volume  |b nc  |2 rdacarrier 
490 1 |a Routledge critical studies in gender and sexuality in education 
504 |a Includes bibliographical references and index. 
650 0 |a Children of sexual minority parents  |x Education. 
650 0 |a Children of sexual minority parents  |x Services for. 
650 0 |a Sexual minority parents.  |0 http://id.loc.gov/authorities/subjects/sh2006000228 
700 1 |a Paechter, Carrie F.,  |e author.  |0 http://id.loc.gov/authorities/names/n98053817 
830 0 |a Routledge critical studies in gender and sexuality in education.  |0 http://id.loc.gov/authorities/names/no2017079626 
945 |b 601876 
947 |a A14850489148 
948 |a cataloged  |b h  |c 2018/6/18  |d c  |e dmitchel  |f 10:44:16 am 
994 |a 92  |b TXA 
999 f f |s e9ae2dc6-3cd0-3b6e-9400-858435e79eb4  |i 19f93765-74db-309b-815f-93d90c4890c7  |t 0 
952 f f |p normal  |a Texas A&M University  |b College Station  |c Sterling C. Evans Library  |d Evans: Library Stacks  |t 0  |e LC5159.5 .C37 2018  |h Library of Congress classification  |i unmediated -- volume  |m A14850489148 
998 f f |a LC5159.5 .C37 2018  |t 0  |l Evans: Library Stacks